All Car Companies in Gran Turismo series - Statistics

General Stats
  • This quiz has been taken 1,325 times
    1,299 since last reset
  • The average score is 41 of 106
Answer Stats
Car companies % Correct
Ferrari
88%
Ford
87%
Toyota
86%
BMW
85%
Mercedes-Benz AMG
83%
Nissan
83%
Mercedes-Benz
82%
Audi
81%
Lamborghini
81%
Chevrolet
80%
Honda
80%
RE Ameniya
75%
Volkswagen
73%
Fiat
72%
Aston Martin
70%
Dodge
70%
Mitsubishi
70%
Renault
70%
RenaultSport
70%
Peugeot
66%
Alfa Romeo
65%
Mazda
65%
Subaru
64%
Citroen
62%
Hyundai
62%
Suzuki
59%
AC
58%
Jaguar
57%
Bugatti
56%
Bentley
55%
Volvo
55%
Opel
54%
Chrysler
52%
SEAT
52%
Pagani
50%
Acura
49%
Mini
49%
Lotus
48%
Lexus
47%
McLaren
47%
Cadillac
46%
RUF
46%
Vauxhall
45%
Maserati
44%
Land Rover
43%
Pontiac
42%
Lancia
41%
Buick
38%
Holden
36%
Shelby
36%
Gran Turismo (manufacturer)
35%
Isuzu
33%
Tesla Motors
33%
Daihatsu
32%
Infiniti
32%
Alpine
31%
TVR
31%
Plymouth
30%
NISMO
28%
MG
27%
Jay Leno
26%
Spoon
26%
Red Bull Racing
24%
Nike
22%
Tommy Kaira
22%
Triumph
22%
Mercury
21%
Saleen
21%
Caterham
19%
Gillet
19%
Panoz
19%
Mine's
18%
Scion
18%
Spyker
18%
Eagle
17%
HKS
17%
Lister
17%
Tom's
17%
Mugen
16%
Polyphony
15%
Proto Motors
15%
Super Autobacs
15%
Autobianchi
14%
Chaparral
14%
DMC
14%
Jensen or Jenson
14%
Amuse
13%
Autobacs
13%
Dome
13%
FPV
13%
Opera Performance
13%
Vector
13%
AEM
12%
Blitz
12%
Cizeta Automobili
12%
Marcos
12%
Tickford
12%
Ginetta
11%
Hommell
11%
Grand Touring Garage
10%
HPA Motorsports
10%
TRIAL
10%
Art Morrison
9%
High End Performance
9%
Callaway
8%
TRD (Toyota Racing Development)
6%
No matching quizzes found
Score Distribution
Percent of People with Each Score
Percentile by Number Answered
Your Score History
You have not taken this quiz since the last reset